Decision time (Record no. 121006)

MARC details
000 -LEADER
fixed length control field 00735cai a22001815a 4500
001 - CONTROL NUMBER
control field l157893
008 - FIXED-LENGTH DATA ELEMENTS--GENERAL INFORMATION
fixed length control field 130625u xxk g 000 0 eng d
035 ## - SYSTEM CONTROL NUMBER
System control number (Sirsi) u157893
041 0# - LANGUAGE CODE
Language code of text/sound track or separate title eng
100 ## - MAIN ENTRY--PERSONAL NAME
Personal name Burns, Martin
245 00 - TITLE STATEMENT
Title Decision time
520 ## - SUMMARY, ETC.
Summary, etc. Some people are unwilling to use Dispute Boards because of the extra costs involved. MArtin Burns argues that they can identify and resolver a dispute more quickly.
650 24 - SUBJECT ADDED ENTRY--TOPICAL TERM
Topical term or geographic name entry element Arbitration, Dispute resolution
651 #4 - SUBJECT ADDED ENTRY--GEOGRAPHIC NAME
Geographic name United Kingdom
Chronological subdivision 1973-
690 ## - LOCAL SUBJECT ADDED ENTRY--TOPICAL TERM (OCLC, RLIN)
Topical term or geographic name as entry element DISPUTE RESOLUTION
9 (RLIN) 6236
856 40 - ELECTRONIC LOCATION AND ACCESS
Uniform Resource Identifier <a href="https://www.rics.org/uk/knowledge/journals/construction-journal/construction-journal-february-march-2013/">https://www.rics.org/uk/knowledge/journals/construction-journal/construction-journal-february-march-2013/</a>
Public note View the report free of charge at www.rics.org.
942 ## - ADDED ENTRY ELEMENTS (KOHA)
Suppress in OPAC 0
Holdings
Withdrawn status Lost status Source of classification or shelving scheme Damaged status Not for loan Home library Current library Shelving location Date acquired Total Checkouts Full call number Barcode Date last seen Copy number Price effective from Koha item type
    Dewey Decimal Classification     Virtual Virtual Online 25/06/2013   ONLINE PUBLICATION 158893-1001 06/08/2019 1 06/08/2019 Online material